000
00297nam a2200109Ia 4500
008
171211s9999 xx 000 0 und d
245
_a
Fresh Dialogue 6: Friendly Fire
245
_c
AIGA New York Chapter
260
_c
2006
650
_x
ART
856
_u
http://down.ebook777.com/062/1568985827.pdf
999
_c
348573
_d
348573